| 000 | 01135nam a2200337Ia 4500 | ||
|---|---|---|---|
| 001 | dia_3144 | ||
| 003 | CHAP | ||
| 005 | 20251027144157.0 | ||
| 008 | 220117s2003 xx 000 0 und d | ||
| 010 | _a173642 | ||
| 020 | _a0-07-223071-1 | ||
| 040 | _cCHAP | ||
| 082 | _a005.3695 G89 2003 | ||
| 100 |
_aHart-Davis, Guy _952930 |
||
| 245 |
_aHow to do everything with Microsoft Office Excel 2003 / _c Guy Hart-Davis |
||
| 260 |
_aEstados Unidos de América : _b McGraw-Hill :, _b Osborne, _c2003 |
||
| 300 | _axviii, 428 p. | ||
| 440 |
_aHow to do everything with _9154157 |
||
| 503 | _aC/e | ||
| 590 | _aHF5548.4.M523 G89 2003 | ||
| 650 |
_aBusiness _xComputer programs _9147152 |
||
| 650 |
_aElectronic spreadsheets _9147153 |
||
| 650 |
_aHojas de cálculo electrónico _955866 |
||
| 650 | 0 |
_aMicrosoft Excel (Programa de computadora) _9154176 |
|
| 650 |
_aMicrosoft Excel (Computer file) _9147155 |
||
| 650 |
_aNegocios _xProgramas para computadora _9147156 |
||
| 901 | _a005.3695 G89 2003 | ||
| 902 | _aM | ||
| 905 | _a5232272003 -usAn 8222223322ENG16 | ||
| 942 |
_cLIBRO _2ddc |
||
| 999 |
_c173642 _d173642 |
||